| 000 | 00308nam a22001097a 4500 | ||
|---|---|---|---|
| 100 |
_aSolangi, Shafquat Hussain _a13ME31 |
||
| 245 | _aDesign and Manufacturing The Solar Lawn Mower | ||
| 260 |
_aNawabshah: _bQUEST, _c2016. |
||
| 300 | _a44p. ; | ||
| 700 | _aDepartment of Mechanical Engineering | ||
| 942 | _cTHESIS | ||
| 999 |
_c57541 _d57538 |
||